| 000 | 00449nam a2200193Ia 4500 | ||
|---|---|---|---|
| 008 | 210210b1905 xxu||||| |||| 00| 0 eng d | ||
| 041 | _aeng | ||
| 082 | _a519/82 | ||
| 100 | _aMORRIS (I H) | ||
| 245 | _aGeometrical drawing for art students | ||
| 260 |
_aLondon _bLongman Green & Co. _c1905 |
||
| 650 | _astudents | ||
| 650 | _aGeometrical | ||
| 650 | _afor | ||
| 650 | _adrawing | ||
| 650 | _aart | ||
| 690 | _aGeometry | ||
| 906 | _a007943 | ||
| 999 |
_c140799 _d140799 |
||